[Event "Titled Tuesday intern op 11th Apr Late"]
[Site "Chess.com INT"]
[Date "2023.04.11"]
[Round "9"]
[White "Gallegos, Carlos"]
[Black "Przybylski, Wojciech"]
[Result "1/2-1/2"]
[WhiteElo "2374"]
[BlackElo "2321"]
[PlyCount "106"]
[EventDate "2023.04.11"]
[EventType "swiss (blitz)"]
[EventRounds "11"]
[EventCountry "USA"]
[SourceTitle "CBM 213 Extra"]
[Source "ChessBase"]
[SourceDate "2023.05.31"]
[SourceVersion "1"]
[SourceVersionDate "2023.05.31"]
[SourceQuality "1"]

1. e4 c5 2. Nf3 d6 3. d3 Nf6 4. Nbd2 e6 5. Be2 Be7 6. 0-0 0-0 7. c3 a6 8. Re1 Nbd7 9. d4 cxd4 10. cxd4 b5 11. e5 Nd5 12. Ne4 dxe5 13. Nxe5 Bb7 14. Bf3 Nxe5 15. dxe5 Nb4 16. Nf6+ gxf6 17. Bxb7 Qxd1 18. Rxd1 Rad8 19. Bh6 Rxd1+ 20. Rxd1 Rd8 21. Rxd8+ Bxd8 22. a3 Nd3 23. b4 a5 24. bxa5 Bxa5 25. exf6 b4 26. axb4 Bxb4 27. Be4 Ne5 28. h3 Nd7 29. Bg5 Bc3 30. g4 Bxf6 31. Bxf6 Nxf6 32. Bc6 e5 33. Kg2 h6 34. Kg3 Kg7 35. h4 Nh7 36. f4 Kf6 37. g5+ hxg5 38. hxg5+ Ke6 39. Be4 Nf8 40. f5+ Ke7 41. Bd5 Nd7 42. Kg4 Nb6 43. f6+ Kf8 44. Bb3 Nd7 45. Kf5 e4 46. Kxe4 Nc5+ 47. Kf5 Nxb3 48. g6 Nd4+ 49. Ke4 fxg6 50. Kxd4 Kf7 51. Ke5 g5 52. Kf5 g4 53. Kxg4 Kxf6 1/2-1/2

[Event "Titled Tuesday intern op 04th Apr Early"]
[Site "Chess.com INT"]
[Date "2023.04.04"]
[Round "9"]
[White "Gallegos, Carlos"]
[Black "Przybylski, Wojciech"]
[Result "0-1"]
[WhiteElo "2374"]
[BlackElo "2321"]
[PlyCount "92"]
[EventDate "2023.04.04"]
[EventType "swiss (blitz)"]
[EventRounds "11"]
[EventCountry "USA"]
[SourceTitle "EXT 2024"]
[Source "ChessBase"]
[SourceDate "2023.10.10"]
[SourceVersion "1"]
[SourceVersionDate "2023.10.10"]
[SourceQuality "1"]

1. e4 c5 2. Nf3 d6 3. d3 e5 4. Nbd2 Nc6 5. h3 f5 6. c3 Nf6 7. a3 Be7 8. b4 Be6 9. Be2 0-0 10. Bb2 Nh5 11. b5 Na5 12. exf5 Rxf5 13. g4 Rxf3 14. Nxf3 Nf4 15. Bf1 c4 16. dxc4 Nxc4 17. Bc1 Qa5 18. Bxf4 exf4 19. Be2 Qxc3+ 20. Kf1 d5 21. Nd4 Bf7 22. Nf5 Bc5 23. Rc1 Qxa3 24. Rh2 Re8 25. Bd3 f3 26. Kg1 Re2 27. Bxe2 fxe2 28. Qe1 Bb4 29. Qxe2 Qxc1+ 30. Kg2 Qf4 31. h4 h5 32. Rh3 hxg4 33. Rg3 Qxf5 34. Qxg4 Qxg4 35. Rxg4 Bd6 36. Rd4 Kf8 37. Rd1 a6 38. h5 axb5 39. Kh3 b4 40. f4 b3 41. Kh4 b2 42. f5 Bf4 43. Rb1 Bc1 44. h6 gxh6 45. f6 Nd2 46. Kh3 Nxb1 0-1